Dingbats #6 - Statistics

General Stats
  • This quiz has been taken 131 times
  • The average score is 8 of 20
Answer Stats
Picture Answer % Correct
Once in a blue moon
97%
Two peas in a pod
92%
Never look back
86%
Burning question
71%
Penny for your thoughts
61%
Forty winks
56%
Red herring
49%
Weak at the knees
44%
Paper tiger
42%
Cold shoulder
39%
High five
39%
Rub up the wrong way
39%
All singing, all dancing
33%
Side effects
30%
Right as rain
26%
Smart cookie
7%
Forbidden fruit
6%
Heir and the spare
6%
A ray of sunshine
5%
Carrot and stick approach
5%
No matching quizzes found
Score Distribution
Percent of People with Each Score
Percentile by Number Answered
Your Score History
You have not taken this quiz